Statistics for music trivia: guitarists by song names

Click here to take the quiz!

General Stats

  • This quiz has been taken 94 times
  • The average score is 8 of 15

Answer Stats

HintAnswer% Correct
Bohemian RhapsodyBrian May
93%
November RainSlash
88%
Stairway to HeavenJimmy Page
87%
Johnny B. GoodeChuck Berry
86%
EruptionEddie VanHalen
62%
Comfortably NumbDavid Gilmour
60%
Sultans of SwingMark Knopfler
60%
Texas FloodStevie Ray Vaughan
49%
Crazy TrainRandy Rhoads
45%
The Thrill is GoneB.B. King
40%
Surfing with the AlienJoe Satriani
29%
MiserlouDick Dale
24%
Got My Mojo WorkingMuddy Waters
20%
RumbleLink Wray
15%
I'm a ManBo Diddley
14%

Score Distribution

Percentile by Number Answered

Percent of People with Each Score

Your Score History

You have not taken this quiz